NBA Triples doubles records en playoffs - Statistiques

Statistiques générales
  • Ce quiz a été pris 15 fois
  • Le résultat moyen est 8 sur 18
Statistiques - réponses
Joueurs Triples-doubles % Correct
2 LeBron James 28
87%
4 Russell Westbrook 12
87%
3 Nikola Jokić 21
80%
7 Luka Dončić 10
73%
1 Magic Johnson 30
67%
13 James Harden 4
60%
7 Larry Bird 10
60%
11 Oscar Robertson 8
53%
10 Wilt Chamberlain 9
53%
6 Draymond Green 11
40%
13 Tim Duncan 4
40%
5 Jason Kidd 11
27%
13 Charles Barkley 4
20%
13 Elgin Baylor 4
20%
7 Rajon Rondo 10
20%
12 John Havlicek 5
13%
13 Scottie Pipen 4
7%
13 Walt Frazier 4
7%
Aucun quiz correspondant
Distribution des résultats
% des personnes avec chaque résultat
Percentile par nombre de réponses
Votre historique - résultats
Vous n’avez pas pris ce quiz